000 02122nam a22002297a 4500
008 241223e20241003po |||||o|||| 00| 0 eng d
041 _aeng
110 _aRoyal Institution of Chartered Surveyors
245 _aAugust 2024 RICS/Ci Portuguese Housing Market Survey
_h[Electronic resource]
260 _bRoyal Institution of Chartered Surveyors & Confidencial Imobilario
_c3 October 2024
300 _a5p
490 _aPortuguese Housing Market Survey
520 _aRICS, in partnership with Confidencial Imobiliario, produces the Portuguese Housing Market Survey, a sentiment survey that collects and analyses the opinions of professionals in agency and development about the prices, availability and demand of residential property in three areas of the country: Greater Lisbon, Greater Oporto and the Algarve. The August 2024 RICS/Ci PHMS results (there was no report for July 2024) continue to reflect a market in a relatively flat state, with buyer activity remaining stagnant and the number of new instructions coming to market still weak. Despite muted current conditions, expectations remain a little more upbeat across both the sales and lettings market. With respect to new buyer enquiries, the indicator has posted a net balance of -2% which is a less negative than the results across the previous two months. For agents in particular, the latest net balance of –3% is significantly less downbeat that the average reading seen throughout 2024 so far. On the supply side, the headline net balance for new instructions remains largely in negative territory at -20%, almost identical to the figures for the preceding two months.
650 _aHOUSING MARKET
650 _aRESIDENTIAL PROPERTY
651 _aPortugal
690 _aResidential property
_96266
710 _aRoyal Institution of Chartered Surveyors
710 _aConfidencial Imobiliário
856 _uhttps://www.rics.org/content/dam/ricsglobal/documents/market-surveys/rics-ci-portuguese-housing-market-survey/portuguese-housing-market-survey-august-2024.pdf
_zAvailable free on RICS.org
942 _n0
999 _c122081
_d122081